<?xml version="1.0" encoding="UTF-8"?>
<record
    xmlns:xsi="http://www.w3.org/2001/XMLSchema-instance"
    xsi:schemaLocation="http://www.loc.gov/MARC21/slim http://www.loc.gov/standards/marcxml/schema/MARC21slim.xsd"
    xmlns="http://www.loc.gov/MARC21/slim">

  <leader>02174nas a2200277Ia 4500</leader>
  <controlfield tag="001">R262-R4678</controlfield>
  <controlfield tag="003">IT-CnALBA</controlfield>
  <controlfield tag="008">170116c99999999xx ||||||||||||   ||und||</controlfield>
  <datafield tag="040" ind1=" " ind2=" ">
    <subfield code="a">IT-CnALBA</subfield>
    <subfield code="c">IT-CnALBA</subfield>
  </datafield>
  <datafield tag="041" ind1=" " ind2=" ">
    <subfield code="a">ITALIANO</subfield>
  </datafield>
  <datafield tag="100" ind1=" " ind2=" ">
    <subfield code="a">DAVANZO GUIDO</subfield>
  </datafield>
  <datafield tag="210" ind1=" " ind2=" ">
    <subfield code="a">SETTIMANA</subfield>
  </datafield>
  <datafield tag="222" ind1=" " ind2=" ">
    <subfield code="a">SETTIMANA</subfield>
  </datafield>
  <datafield tag="245" ind1=" " ind2="0">
    <subfield code="a">SETTIMANA. ANNO 1981. INFORMAZIONE. ARGOMENTO CULTURA. PER PRETI E OPERATORI DI PASTORALE. </subfield>
  </datafield>
  <datafield tag="250" ind1=" " ind2=" ">
    <subfield code="a">1a ed.</subfield>
  </datafield>
  <datafield tag="260" ind1=" " ind2=" ">
    <subfield code="a"> BOLOGNA - NAPOLI</subfield>
    <subfield code="b">DEHONIANE EDIZIONI </subfield>
    <subfield code="c">1981 [1&#xB0; Ed.:1981 - Ed.Ling.Originale: 1981]</subfield>
  </datafield>
  <datafield tag="300" ind1=" " ind2=" ">
    <subfield code="a">8 p. </subfield>
  </datafield>
  <datafield tag="310" ind1=" " ind2=" ">
    <subfield code="a">SETTIMANALE</subfield>
  </datafield>
  <datafield tag="362" ind1=" " ind2=" ">
    <subfield code="a">Fascicolo: 1-47 / Anno: 16 (1981)</subfield>
  </datafield>
  <datafield tag="500" ind1=" " ind2=" ">
    <subfield code="a">INDICE ARGOMENTI SETTIMANA 1981. INCONTRO CARITAS POMPEI PER I SOCCORSI. MANI SUI TERREMOTATI A NAPOLI. PACE REGALO DI DIO PER CRISTO. AIUTO PER LA RICOSTRUZIONE. KAGENUSHA TRAVISATO? COSTA D'AVORIO, OCCHIO AI GIOVANI. USA, DIFESA DEI DIRITTI UMANI. BRASILE, RELAZIONE CHIESA STATO. REPUBBLICA DOMINICANA, SCHIAVI DEL SECOLO XX. INIZ IATIVE CARITAS, SENSIBILIZZAZIONE COMUNIT&#xC0;. GLI HANDICAPPATI, COME TUTTI. APPRENDIMENTO PER LA CELEBRAZIONE. BERGAMINI A. CHIESA DI ADULTI. IL RIGA DEI FANCIULLI. GELARDI A. FUCI, DENTRO E OLTRE LA CRISI. VITTORIA SULLA LEBBRA, CONVEGNO AMICI DI FOLLEREAU. SALVEZZA PER TUTTI, EPIFANIA. ORLANDONI G. PROPOSTA BIBLIOGRAFICA. </subfield>
  </datafield>
  <datafield tag="501" ind1=" " ind2=" ">
    <subfield code="a">Societ&#xE0; San Paolo EM - Piazza San Paolo, 14 - 12051 ALBA (CN)  (non commercial uses only) &#xAE; Copyright 2017</subfield>
  </datafield>
  <datafield tag="520" ind1=" " ind2=" ">
    <subfield code="a">INDICE ARGOMENTI SETTIMANA 1981. INCONTRO CARITAS POMPEI PER I SOCCORSI. MANI SUI TERREMOTATI A NAPOLI. PACE REGALO DI DIO PER CRISTO. AIUTO PER LA RICOSTRUZIONE. KAGENUSHA TRAVISATO? COSTA D'AVORIO, OCCHIO AI GIOVANI. USA, DIFESA DEI DIRITTI UMANI. BRASILE, RELAZIONE CHIESA STATO. REPUBBLICA DOMINICANA, SCHIAVI DEL SECOLO XX. INIZ IATIVE CARITAS, SENSIBILIZZAZIONE COMUNIT&#xC0;. GLI HANDICAPPATI, COME TUTTI. APPRENDIMENTO PER LA CELEBRAZIONE. BERGAMINI A. CHIESA DI ADULTI. IL RIGA DEI FANCIULLI. GELARDI A. FUCI, DENTRO E OLTRE LA CRISI. VITTORIA SULLA LEBBRA, CONVEGNO AMICI DI FOLLEREAU. SALVEZZA PER TUTTI, EPIFANIA. ORLANDONI G. PROPOSTA BIBLIOGRAFICA. </subfield>
  </datafield>
  <datafield tag="650" ind1=" " ind2=" ">
    <subfield code="a">ECCLESIOLOGIA</subfield>
  </datafield>
  <datafield tag="942" ind1=" " ind2=" ">
    <subfield code="c">CR</subfield>
  </datafield>
  <datafield tag="957" ind1=" " ind2=" ">
    <subfield code="7">1</subfield>
  </datafield>
  <datafield tag="999" ind1=" " ind2=" ">
    <subfield code="a">14732</subfield>
    <subfield code="b">NO</subfield>
    <subfield code="g">1</subfield>
    <subfield code="c">322690</subfield>
    <subfield code="d">322690</subfield>
  </datafield>
  <datafield tag="952" ind1=" " ind2=" ">
    <subfield code="0">0</subfield>
    <subfield code="1">0</subfield>
    <subfield code="4">0</subfield>
    <subfield code="6">R_262R4678</subfield>
    <subfield code="7">1</subfield>
    <subfield code="a">ALBA</subfield>
    <subfield code="b">ALBA</subfield>
    <subfield code="d">2017-01-16</subfield>
    <subfield code="l">0</subfield>
    <subfield code="o">R262-R4678</subfield>
    <subfield code="r">2017-01-16 00:00:00</subfield>
    <subfield code="w">2017-01-16</subfield>
    <subfield code="y">CR</subfield>
    <subfield code="z">(data import: 16 gennaio 2017) - By Epidotti, Vaglietti. </subfield>
  </datafield>
</record>
